Muerte voluntaria : sedación. Suicidio asistido. Eutanasia /

Guardado en:
Autor Principal: Farias, Gisela.
Formato: Libro
Idioma:Spanish
Publicado: Ciudad Autónoma de Buenos Aires : Astrea, 2007.
Edición:1a. ed.
Materias:
Etiquetas: Agregar Etiqueta
Sin Etiquetas, Sea el primero en etiquetar este registro!
LEADER 00720nam a22001815a 4500
001 DER.der014210
008 191004s2007####ag#######b####000#0#spa#d
005 20260206092559.0
245 1 0 |a Muerte voluntaria :  |b sedación. Suicidio asistido. Eutanasia /  |c Gisela Farias. 
250 |a 1a. ed. 
260 |a Ciudad Autónoma de Buenos Aires :  |b Astrea,  |c 2007. 
300 |a 199 p. 
505 0 |a Etapa de agonía -- Dolor -- Encarnizamiento médico -- Decisiones ante el final de la vida -- Jurisprudencia -- Rechazo, abstención y retiro del tratamiento 
020 |a 9789505087518 
100 1 |a Farias, Gisela. 
650 7 |a EUTANASIA  |2 UNBIS 
650 7 |a derechos del paciente  |2 SAIJ 
859 |a DERECHO  |b BIB. DERECHO  |h 344.041 97  |i FAR  |p 009459